| 000 | 01252nam0a2200325 4500 | ||
|---|---|---|---|
| 001 | RU\NLR\BIBL_A\012068426 | ||
| 005 | 20190903153021.0 | ||
| 010 |
_a978-5-389-16614-1 _98000 |
||
| 021 |
_aRU _bАЛ-П-19-00428и _9АЛ-П-19-0082 |
||
| 035 | _a(NLR Aleph) 012068426 | ||
| 090 |
_a11742487 _c11742487 |
||
| 100 | _a20190801d2019 e y0rusy50 ca | ||
| 101 | 1 |
_arus _ceng |
|
| 102 | _aRU | ||
| 105 | _a |||tzzz000 | ||
| 200 | 1 |
_aБэтмен _eГотэм Нуар _e[графический роман] _fЭд Брубейкер и Шон Филлипс при участии Дэйва Стююрта _g[перевод с английского В. Петрова] |
|
| 210 |
_aСанкт-Петербург [и др.] _cАзбука [и др.] _d2019 |
||
| 215 |
_a[64] с. _cцв. ил. _d26 |
||
| 333 | _a16+ | ||
| 686 | 1 | _aШ6(7США)67-440.4комикс(Лх1979-50комикс) | |
| 686 | 1 | _aЩ153(7США)65-475 | |
| 700 | 1 |
_7ca _8rus _aБрубейкер _bЭ. _f1966- _gЭд _9164385 _3RU\NLR\AUTH\770164429 |
|
| 701 | 1 |
_aФиллипс _bШ. _gШон |
|
| 942 | _cBOOK | ||
| 980 | _aNBR | ||
| 980 | _aNB | ||